<?xml version="1.0" encoding="UTF-8"?>
<marc:record xmlns:marc="http://www.loc.gov/MARC21/slim">
   <marc:leader>00000nam a2200000 a 4500</marc:leader>
   <marc:datafield ind1="1" ind2=" " tag="100">
      <marc:subfield code="a">Dyk, Paul van</marc:subfield>
      <marc:subfield code="4">aut</marc:subfield>
      <marc:subfield code="e">Verfasser/-in</marc:subfield>
   </marc:datafield>
   <marc:datafield ind1=" " ind2=" " tag="653">
      <marc:subfield code="a">Schädel-Hirn-Trauma</marc:subfield>
   </marc:datafield>
   <marc:datafield ind1=" " ind2=" " tag="653">
      <marc:subfield code="a">elektronische Musik</marc:subfield>
   </marc:datafield>
   <marc:datafield ind1=" " ind2=" " tag="653">
      <marc:subfield code="a">DJ</marc:subfield>
   </marc:datafield>
   <marc:datafield ind1=" " ind2=" " tag="653">
      <marc:subfield code="a">Optimismus</marc:subfield>
   </marc:datafield>
   <marc:datafield ind1=" " ind2=" " tag="653">
      <marc:subfield code="a">Lebensfreude</marc:subfield>
   </marc:datafield>
   <marc:datafield ind1=" " ind2=" " tag="653">
      <marc:subfield code="a">Wirbelsäulenbruch</marc:subfield>
   </marc:datafield>
   <marc:datafield ind1=" " ind2=" " tag="653">
      <marc:subfield code="a">Tod</marc:subfield>
   </marc:datafield>
   <marc:datafield ind1=" " ind2=" " tag="653">
      <marc:subfield code="a">Motivation</marc:subfield>
   </marc:datafield>
   <marc:datafield ind1=" " ind2=" " tag="653">
      <marc:subfield code="a">Liebe</marc:subfield>
   </marc:datafield>
   <marc:datafield ind1=" " ind2=" " tag="653">
      <marc:subfield code="a">Rückkehr ins Leben</marc:subfield>
   </marc:datafield>
   <marc:datafield ind1=" " ind2=" " tag="653">
      <marc:subfield code="a">Softcover / Sachbücher/Musik</marc:subfield>
   </marc:datafield>
   <marc:datafield ind1=" " ind2=" " tag="653">
      <marc:subfield code="a">Film</marc:subfield>
   </marc:datafield>
   <marc:datafield ind1=" " ind2=" " tag="653">
      <marc:subfield code="a">Theater/Biographien</marc:subfield>
   </marc:datafield>
   <marc:datafield ind1=" " ind2=" " tag="653">
      <marc:subfield code="a">Autobiographien</marc:subfield>
   </marc:datafield>
   <marc:datafield ind1="0" ind2="0" tag="245">
      <marc:subfield code="a">Im Leben bleiben</marc:subfield>
   </marc:datafield>
   <marc:datafield ind1="0" ind2="0" tag="245">
      <marc:subfield code="c">Paul van Dyk mit Guido Eckert</marc:subfield>
   </marc:datafield>
   <marc:datafield ind1=" " ind2="1" tag="264">
      <marc:subfield code="a">Salzburg</marc:subfield>
      <marc:subfield code="b">Benevento</marc:subfield>
   </marc:datafield>
   <marc:datafield ind1=" " ind2=" " tag="250">
      <marc:subfield code="a">1. Auflage</marc:subfield>
   </marc:datafield>
   <marc:datafield ind1="1" ind2=" " tag="520">
      <marc:subfield code="a">Angaben aus der Verlagsmeldung

Im Leben bleiben / von Paul van Dyk

Paul van Dyk ist einer der berühmtesten DJs der Welt. Er hat Fans auf allen Kontinenten. Fast jedes Wochenende spielt er in einem der angesagten Clubs – niemand hätte es für möglich gehalten, dass ihn dort ein folgenschwerer Sturz ereilen würde. Für die Ärzte war rasch klar: Paul van Dyk wird ein Pflegefall im Rollstuhl bleiben. Ohne jede Erinnerung an sein früheres Leben. Ohne Jetset. Ohne Musik. Aber es kam anders.

Paul van Dyk belegt als Musiker und Produzentz Top-Plätze in den Charts rund um den Globus, ist für den Grammy nominiert und wird zweimal als World's No.1 DJ ausgezeichnet. Er führt ein Leben, das die meisten Menschen nur aus Lifestyle-Magazinen kennen. Für ihn ist es normal. Er ist voller Optimismus und Lebensfreude. Bis zum 27. Februar 2016. Ein falscher Schritt, ein sechs Meter tiefer Sturz. Diagnose: doppelter Wirbelsäulenbruch, Quetschungen und ein Schädel-Hirn-Trauma. Und der Beginn eines anderen Lebens, das ihn zwingt, alles noch einmal zu erlernen.
In seinem Buch verarbeitet Paul van Dyk die Momente des Fallens, die Zeit nach dem Aufwachen aus dem Koma und die Möglichkeit, durch seine Hirnverletzung vielleicht sogar seine Identität verloren zu haben. Und er zeigt, wie wichtig Optimismus, Motivation und insbesondere Liebe sind, um in einer fast aussichtslosen Situation wieder ins Leben zurückzufinden.
</marc:subfield>
   </marc:datafield>
   <marc:datafield ind1=" " ind2=" " tag="020">
      <marc:subfield code="a">9783710900310</marc:subfield>
      <marc:subfield code="9">9783710900310</marc:subfield>
   </marc:datafield>
   <marc:datafield ind1=" " ind2=" " tag="020">
      <marc:subfield code="a">371090031X</marc:subfield>
      <marc:subfield code="9">371090031X</marc:subfield>
   </marc:datafield>
   <marc:datafield ind1=" " ind2=" " tag="041">
      <marc:subfield code="a">ger</marc:subfield>
   </marc:datafield>
   <marc:datafield ind1=" " ind2=" " tag="300">
      <marc:subfield code="a">200 Seiten</marc:subfield>
   </marc:datafield>
</marc:record>
